000 00279nam a2200133Ia 4500
100 _aBayross/I & others
942 _cBK
654 _aingress
245 _aIntroduction to Ingress
260 _bBPB
_aNew Delhi
_c1993
082 _a5.74
_bPAN
546 _aENGLISH
999 _c30430
_d30430